| 000 | 00526nam a22001697a 4500 | ||
|---|---|---|---|
| 082 | _aP-823 | ||
| 100 |
_aCheema, Muhammad Bin Khalid _951688 |
||
| 245 | _aA hybrid-Delphi (Pestle-Swot) paradigm for oil and GAS pipeline strategic planning in CPEC | ||
| 260 |
_aRisalpur, _bMCE, _c2019. |
||
| 300 |
_a80p. _c30cm. |
||
| 526 |
_a0 _b0 _c0 _dP_823 |
||
| 700 |
_aAkash, Faisal _951689 |
||
| 700 |
_aJarjees, Muhammad _951690 |
||
| 700 |
_aKhan, Dr Rai Waqas Azfar _951691 |
||
| 700 |
_aZahir, Khurram _951692 |
||
| 942 |
_2ddc _cBK |
||
| 999 |
_c554262 _d554262 |
||